Κατάλογος Βιβλιοθηκών Mediterranean College

Which Greek Cultural Elements Attract Mostly Tourists in Greece? A Comparative Research via the Tourists and the Hospitality Professional Perspective/Dissertation Submitted in Partial Fulfilment of the Requirements of the Degree of Master in International Hospitality Management (Record no. 8502)

MARC details
000 -LEADER
fixed length control field 01603cam a22001934a 4500
005 - ΗΜΕΡΟΜΗΝΙΑ ΚΑΙ ΩΡΑ ΤΕΛΕΥΤΑΙΑΣ ΕΝΗΜΕΡΩΣΗΣ
Πεδίο ελέγχου 20250605164337.0
008 - FIXED-LENGTH DATA ELEMENTS--GENERAL INFORMATION
Πεδίο ελέγχου σταθερού μήκους 250528s ||||||||||||||||||||||||d
035 ## - SYSTEM CONTROL NUMBER
System control number 23492
040 ## - ΠΗΓΗ ΚΑΤΑΛΟΓΟΓΡΑΦΗΣΗΣ
Φορέας πρωτότυπης καταλογογράφησης MC Athens Campus Library
Γλώσσα καταλογογράφησης Ελληνικά, Μοντέρνα (1453-)
Modifying agency MC Athens Campus Library
Κανόνες περιγραφικής καταλογογράφησης AACR2
245 1# - ΤΙΤΛΟΣ ΚΑΙ ΔΗΛΩΣΗ ΥΠΕΥΘΥΝΟΤΗΤΑΣ
Τίτλος Which Greek Cultural Elements Attract Mostly Tourists in Greece? A Comparative Research via the Tourists and the Hospitality Professional Perspective/Dissertation Submitted in Partial Fulfilment of the Requirements of the Degree of Master in International Hospitality Management
260 ## - PUBLICATION, DISTRIBUTION, ETC.
Date of publication, distribution, etc. 2018
300 ## - PHYSICAL DESCRIPTION
Extent 82
520 ## - SUMMARY, ETC.
Summary, etc. Introduction, Literature Review, The Profile and Behavior of Contemporary Tourism, The Role of Tourism in Tourist Purchases and Markets, Sustainable Tourism Development, The Concept of Cultural Tourism, Characteristics of Cultural Tourism, The Development of Cultural Tourism, The Evolution of the Cultural Tourism in Greece, The Cultural Tourism and Sustainable Development, Research on Cultural Heritage for Tourism, The Positive Impacts of the Cultural Tourism Development, The Importance of Tourism for Greece, Methodology, Aims of the Dissertation, The Purpose of the Research, Objectives of the Dissertation, Sample of thqe Research, Design of Research, Protection of Participants, SPSS Analysis, Analysis of Travel Agents, Analysis of the Hotel Managers' Responses, Analysis of the Tourists' Responses, Analysis of Variance (Anova), Conclusion and Discussion, References, Appendices.
700 1# - ΠΡΟΣΘΕΤΗ ΑΝΑΓΡΑΦΗ--ΦΥΣΙΚΟ ΠΡΟΣΩΠΟ
Personal name Markaki Evangelia
9 (RLIN) 9060
700 1# - ΠΡΟΣΘΕΤΗ ΑΝΑΓΡΑΦΗ--ΦΥΣΙΚΟ ΠΡΟΣΩΠΟ
Personal name Papadaki Argyro-Alexandra
9 (RLIN) 9061
942 ## - ADDED ENTRY ELEMENTS (KOHA)
Koha item type Διπλωματική εργασία
Holdings
Τύπος τεκμηρίου Βιβλιοθήκη Τρέχουσα τοποθεσία Barcode Ημερομηνία απόκτησης Ταξιθετικό σύμβολο Αριθμός αντιτύπου Κατάσταση απόσυρσης Κατάσταση χαμένου Κατάσταση κατεστραμμένου Μη δανεισμός Σύνολο δανεισμών Ημερομηνία τελευταίας εμφάνισης Η τιμή ισχύει από
Διπλωματική εργασία MC Athens Campus Library MC Athens Campus Library 9780000085016 05/06/2025 TOUR 2018 (9) 1           05/06/2025 05/06/2025

MC Athens Campus Library
Πατησίων 94 & Κοδριγκτώνος 13, 104 34
Πελλήνης 8 & Πατησίων 107, 112 51
Τ: +30 210 8899600

MC Thessaloniki Campus Library
Ίωνος Δραγούμη 21, 54625 | Ίωνος Δραγούμη 15, 54625
Τ: +30 2310 287779 – Τ: +30 2314 440300